| 000 | 01749cam a22003375i 4500 | ||
|---|---|---|---|
| 001 | 23735273 | ||
| 005 | 20250619080313.0 | ||
| 008 | 240614s2023 ie a e 001 0 eng d | ||
| 010 | _a 2024440195 | ||
| 020 |
_a9781788680868 _q(paperback) |
||
| 035 | _a(OCoLC)on1401078835 | ||
| 040 |
_aNZAUC _beng _erda _cNZAUC _dTOH _dOCLCO _dMDB _dOCLCQ _dNYP _dBKL _dDLC |
||
| 041 | 0 |
_aeng _aspa |
|
| 042 | _alccopycat | ||
| 245 | 0 | 0 | _aLatin American Spanish phrasebook & dictionary. |
| 246 | 3 | 0 | _aLatin American Spanish phrasebook and dictionary. |
| 250 | _aTenth edition. | ||
| 260 |
_aDublin, Ireland : _bLonely Planet, _c2023. |
||
| 300 |
_a271 pages : _bcolor illustrations ; _c14 cm. |
||
| 490 | 0 | _aLonely Planet phrasebooks. | |
| 500 | _aIncludes index. | ||
| 505 | 0 | _aAbout Latin American Spanish — Travel Phrases — Basics — Practical — Social — Safe Travel — Food — Menu Decoder — Two-Way Dictionary. | |
| 520 | _aLonely Planet's Latin American Spanish Phrasebook and Dictionary is your handy passport to culturally enriching travels with the most relevant and useful Latin American Spanish phrases and vocabulary for all your travel needs. Mingle with locals at a colourful Latin American mercado, spend a night out dancing to live music, or enjoy a meal in an out-of-the-way restaurant; all with your trusted travel companion. | ||
| 650 | 0 |
_aSpanish language _zLatin America _vConversation and phrase books _xEnglish _925519 |
|
| 650 | 0 |
_aSpanish language _zLatin America _xSpoken Spanish _925520 |
|
| 650 | 0 |
_aSpanish language _zLatin America _vDictionaries _xEnglish _925521 |
|
| 650 | 0 |
_aEnglish language _vDictionaries _xSpanish _925522 |
|
| 655 | 0 |
_aPhrase books _925062 |
|
| 655 | 0 |
_aDictionaries _923843 |
|
| 942 | _2lcc | ||
| 999 |
_c4597 _d4597 |
||